000 00318 a2200145 4500
001 74256
020 _a857307599-9
040 _cAnchieta - Colégio São Paulo
240 1 0 _aPedagogia diferenciada
_lpor
245 1 0 _aPedagogia diferenciada
300 _a183
362 0 _a2000
650 4 _aEducação
942 _cBK
999 _c74256
_d74256